000 00505nam a2200193Ia 4500
003 OSt
005 20221007083106.0
006 a|||||r|||| 00| 0
007 ta
008 221006b |||||||| |||| 00| 0 eng d
024 _a22,856
037 _cDissertations
040 _aFLL
_cFLL
_beng
041 _2eng
_aeng
100 _aGerba Baissa
_9700283
245 0 _aModern trends in prnology and its impacts on criminal justice
942 _cDIS
_2CC
999 _c1168789
_d1168789